1079 1097 1411 1880 1475 1542 1341 1840 1614 1574 1456 1712 1271 1132 1583 1967 1964 1608 1201 1712 1486 1542 1209 1922 1081 1432 1120 1515 1934 1107 1099 1179 1138 1437 1274 1016 1404 1587 1941 1436 1005 1559 1011 1517 1720 1463 1699 1882 1430 1177 1469 1465 1752 1486 1561 1714 1790 1691 1345 1747 1833 1885 1852 1368 1085 1986 1739 1427 1502 1182 1835 1629 1168 1426 1528 1579 1382 1891 1229 1515 1804 1870 1953 1033 1209 1518 1111 1669 1466 1793 1268 1354 1836 1885 1504 1380 1901 1852 1546 BCNSPRNW ULIB Ver.6.0+V

เปลี่ยนเป็นภาษาไทย

Change to English
 แสดงรายละเอียดบรรณานุกรม
  กลับหน้าหลัก

Brief Record : Get Marc (ISO 2709) : E-mail record : QR code < ปิดหน้าต่าง
LEADER : 00000nam 2200000uu 4500
001    13399121785
003     ULIB
008    020711s2548 th a 000 0 tha d
020    9748317986
020    9789748317984
060  4 WB50.JC6^bภ494ก
100    ภาสกิจ(วิทวัส) วัณนาวิบูล
245    กินอยู่อย่างสมดุลตามหลักแพทย์จีน /^cภาสกิจ(วิทวัส) วัณนาวิบูล
250    พิมพ์ครั้งที่ 4
260    กรุงเทพฯ :^bหมอชาวบ้าน,^c2548
300    98 หน้า
650    การแพทย์แผนโบราณ^xจีน
945    ^p75^l0^i13914
999    ^aทศพร เกษรทอง
รายการนี้ยังไม่มีแท็ก
คุณยังไม่ได้ล็อกอิน คุณสามารถมีกิจกรรมร่วมกับเว็บไซต์ได้ แต่ต้องล็อกอินก่อน ::
  ล็อกอิน

รายการสื่อสารสนเทศ

ลำดับที่ ประเภท เลขเรียก/บาร์โค้ด สถานที่ สถานะ
1. วิทยาศาสตร์การแพทย์ และสุขภาพ
วิทยาศาสตร์การแพทย์ และสุขภาพ
WB50.JC6 ภ494ก ฉ.1 
  Barcode: 13914
ห้องสมุดวิทยาเขตสวรรค์ประชารักษ์
►หนังสือทั่วไป
บนชั้น

รายการใกล้เคียง
    ผู้แต่ง [ภาสกิจ(วิทวัส) วัณนาวิบูล]

BibComment


ยังไม่เคยถูกคอมเมนท์

คอมเมนท์ทรัพยากรรายการนี้
  คอมเมนท์: กินอยู่อย่างสมดุล..


 Copyright 2026. Bcnsprnw @Library